Online Catalogue and eLibrary

Oorandankap paadalkal (Record no. 3815)

MARC details
000 -LEADER
fixed length control field 00319nam a2200133Ia 4500
005 - DATE AND TIME OF LATEST TRANSACTION
control field 20250404065210.0
008 - FIXED-LENGTH DATA ELEMENTS--GENERAL INFORMATION
fixed length control field 240331s9999 xx 000 0 und d
082 ## - DDC Classification
Item Number - Author Mark SEL
Class No. 894
100 ## - MAIN ENTRY--PERSONAL NAME
Personal name Selvarajan, S
245 #0 - TITLE STATEMENT
Title Oorandankap paadalkal
260 ## - PUBLICATION, DISTRIBUTION, ETC.
Place of publication, distribution, etc. France
Name of publisher, distributor, etc. Rajani Publication
Date of publication, distribution, etc. 1992
300 ## - PHYSICAL DESCRIPTION
Extent (e.g. Volumes, Pages etc.) 95 p .,
942 ## - Koha item type (Biblio)
Koha item type Books in Stacks (Lending)
Holdings
Lost status Damaged status Collection code Home library Current library Shelving location Date acquired Full call number Accession Number Item type
    Lending WERC Library WERC Library Social Science Cupboard 03/31/2024 894.811 SEL 1671 Books in Stacks (Lending)

© WERC Library